000 00424nam a2200181Ia 4500
001 18952
005 20260306171708.0
008 260306s9999||||xx |||||||||||||| ||und||
041 _aESP
082 _a658.562
_bP45
100 _aPérez Fernández de Velasco, José Antonio
_eAUT
245 0 _aGestión por procesos
260 _c2012
300 _a
_c
650 _aGEN
654 _aCAN
942 _cLIB
_dJUS
_fJUS
_2ddc
_n
999 _c18952
_d18952